| 000 | 01003nam a2200289 a 4500 | ||
|---|---|---|---|
| 008 | |||
| 020 | _a9966465844 | ||
| 049 | _aMAIN | ||
| 090 | 0 | 0 | _aHC79.E5 |
| 100 | 1 | _aMiddleton, Neil. | |
| 245 | 1 | 4 |
_aThe tears of the crocodile : _bfrom Rio to reality in the developing world / _cNeil Middleton, Phil O'Keefe, Sam Moyo. |
| 260 |
_aNairobi : _bEast Africa Educational, _c1993. |
||
| 300 |
_axii, 228 p. ; _c22 cm. |
||
| 504 | _aIncludes bibliographical references. | ||
| 500 | _aIncludes index. | ||
| 650 | 0 |
_aEnvironmental policy _xInternational cooperation. |
|
| 650 | 0 | _aEnvironmental law, International. | |
| 650 | 0 | _aEnvironmental protection. | |
| 700 | 1 | 0 | _aO'Keefe, Philip. |
| 700 | 1 | 0 | _aMoyo, Sam. |
| 711 |
_aUnited Nations conference on environment and development _d(1992 : _cRio de Janeiro, Brazil) |
||
| 907 |
_a.b10079981 _b04-07-03 _c03-07-03 |
||
| 003 | |||
| 005 | 20230123133317.0 | ||
| 040 | _cNUST | ||
| 942 |
_cBOOKS _kHC79.E5 |
||
| 999 |
_c146394 _d146394 |
||